| 000 | 00354nam a2200133Ia 4500 | ||
|---|---|---|---|
| 008 | 240624s9999 xx 000 0 und d | ||
| 041 | _aeng | ||
| 082 | _a658.8 LAD | ||
| 100 | _aLADERO GALAN MERCEDES M | ||
| 245 | _aCASE STUDIES ON SOCIAL MARKETING A GLOBA | ||
| 260 |
_c2019 _aSwitzerland _bSpringer |
||
| 300 | _axiii,-252-P.;23cm | ||
| 365 |
_cERU _b33 |
||
| 999 |
_c32582 _d32582 |
||